| 000 | 00824nam a2200229 i 4500 | ||
|---|---|---|---|
| 001 | 179780 | ||
| 003 | ES-MaACL | ||
| 005 | 20231025172637.0 | ||
| 008 | 120123s2006 sp aeo |||| | spa d | ||
| 020 | _a84-96236-83-8 | ||
| 080 | _a913(460.281 G.)(036) | ||
| 245 | 0 | 0 |
_aGuadalajara, ciudad abierta _b: una guía para conocerla y visitarla / _cEquipo Paraninfo. |
| 260 |
_aGuadalajara : _bAache, _c2006. |
||
| 300 |
_a126 p. : _bil. col. y n., fot., planos ; _c21 cm. |
||
| 651 | 7 |
_aGuadalajara- _vGuías turísticas. _9149180 |
|
| 651 | 4 |
_aGuadalajara- _xHistoria. _98791 |
|
| 710 | 2 |
_aEquipo Paraninfo. _9149181 |
|
| 852 |
_aES-MaACL _jA-11922 _9186680 _bR.146918 _cDEPO1 _dOlim: N-4927 _xDonación: José Lázaro |
||
| 903 |
_9234219 _aLázaro García, José _ednr |
||
| 942 |
_2udc _cMONOGRAFIA |
||
| 999 |
_c179780 _d179780 |
||